01592nam a2200409 i 450000100060000000300080000600500170001400600190003100700150005000800410006502000180010602000270012403500230015103500240017403500250019803500220022304000310024505000280027608000120030408200160031624501130033226400430044530000570048833600310054533700330057633800430060950400290065258801270068159001640080865000220097265000130099465500270100770000500103479700190108485600620110399900170116557590FlNmELB20241216232935.0m o d | cr cnu||||||||180110s2009 sp a ob 000 0 spa d z9788498235449 a9788498237368 (e-book) a(MiAaPQ)EBC5102673 a(Au-PeEL)EBL5102673 a(CaPaEBR)ebr11453339 a(OCoLC)1105427273 aFINmELBbspaerdacFINmELB 4aGV1002.9.T7bB2995 2009 a796.3420 a796.34222300aBases del control motor y del aprendizaje aplicadas al tenis /cFrancisco J. Moreno Hernández [y otros 4]. 1aSevilla :bWanceulen Editorial,c2009. a1 recurso en línea (86 páginas) :bilustraciones atextobtxt2rdacontent/spa acomputadorabc2rdamedia/spa arecurso en líneabcr2rdacarrier/spa aContiene bibliografía. aDescripción basada en recurso en línea; Título de la página del título en PDF (e-libro, visto January 10, 2018). aRecurso electrónico. Santa Fe, Arg.: e-libro, 2018. Disponible vía World Wide Web. El acceso puede estar limitado para las bibliotecas afiliadas a e-libro. 0aTennisxTraining. 4aDeporte. 4aLibros electrónicos.1 aMoreno Hernández, Francisco Javier,eautor.2 ae-libro, Corp.40uhttps://elibro.net/ereader/politecnicointernacional/33757 c57590d57590